MARC
| LEADER | 00000cam a2200000 7i4500 | ||
|---|---|---|---|
| 001 | 0000004595 | ||
| 005 | 20080823.0 | ||
| 040 | |a INS | ||
| 090 | 0 | 0 | |a VCD 661 |
| 245 | 0 | 0 | |a Bersama Chef Wan : |b 26 Januari 1998 [ |h cakera video] |
| 260 | |a Kuala Lumpur : |b TV3 , |c 1998 | ||
| 300 | |a 1 cakera video (23 min.) : |b by., wrn. ; |c 4 3/4 in. | ||
| 500 | |a Juga terdapat dalam format VHS 745(1) | ||
| 650 | 0 | 0 | |a Cooking |x Asian |
| 999 | |a VCD0000661 |b VIDEO CD |c Media Collection |e Default branch | ||